Metal Bands by Synonyms - Statistics

General Stats
  • This quiz has been taken 49 times
  • The average score is 5 of 15
Answer Stats
Hint Answer % Correct
Sheep of Deity Lamb of God
65%
Decease Death
63%
My Decaying Wife My Dying Bride
51%
Murdering Pun Killing Joke
40%
Slumber Sleep
37%
Dead Body (one word) Carcass
35%
Godzilla Gojira
35%
Hard Hat (one word) Helmet
33%
Hog Breaker Pig Destroyer
33%
Horror Workshop Fear Factory
28%
Magnetic Mage Electric Wizard
21%
Dictator Emperor
19%
Utopia Vanished Paradise Lost
19%
Embalmer Mortician
16%
Lever Crowbar
0%
No matching quizzes found
Score Distribution
Percent of People with Each Score
Percentile by Number Answered
Your Score History
You have not taken this quiz